书目信息 |
| 题名: |
财经专业写作
|
|
| 作者: | 胡明扬 主编 | |
| 分册: | ||
| 出版信息: | 北京 中国人民大学出版社 1995 |
|
| 页数: | 408页 | |
| 开本: | 20cm | |
| 丛书名: | 实用写作教材系列丛书 | |
| 单 册: | ||
| 中图分类: | H152.3 | |
| 科图分类: | 41.2383 | |
| 主题词: | 经济工作-应用文-写作--高等学校--教材 , 写作-应用文-经济工作--高等学校--教材 , 应用文-经济工作-写作--高等学校--教材 | |
| 电子资源: | ||
| ISBN: | 7-300-02025-9 | |
| 000 | 00882nam2 2200301 45 | |
| 001 | 0197001007 | |
| 005 | 20070602165530.75 | |
| 010 | @a7-300-02025-9@dCNY17.50 | |
| 100 | @a19961205d1995 em y0chiy0121 ea | |
| 101 | 0 | @achi |
| 102 | @aCN@b110000 | |
| 105 | @ay z 000yy | |
| 200 | 10 | @a财经专业写作@Acai jing zhuan ye xie zuo@f胡明扬主编 |
| 205 | @a2版(修订本) | |
| 210 | @a北京@c中国人民大学出版社@d1995 | |
| 215 | @a408页@d20cm | |
| 225 | 2 | @a实用写作教材系列丛书 |
| 300 | @a高等学校文科教材 | |
| 410 | 0 | @120010@a实用写作教材系列丛书 |
| 540 | 1 | @a财经@Acai jing |
| 606 | @a经济工作-应用文-写作@x高等学校@x教材 | |
| 606 | @a写作-应用文-经济工作@x高等学校@x教材 | |
| 606 | @a应用文-经济工作-写作@x高等学校@x教材 | |
| 690 | @aH152.3@v3 | |
| 692 | @a41.2383 | |
| 701 | 0 | @a胡明扬@Ahu ming yang@4主编 |
| 801 | 0 | @aCN@bTSSF@c20070602 |
| 905 | @a10447@dH152.3@e389 | |
| 财经专业写作/胡明扬主编.-2版(修订本).-北京:中国人民大学出版社,1995 |
| 408页;20cm.-(实用写作教材系列丛书) |
| 高等学校文科教材 |
| ISBN 7-300-02025-9:CNY17.50 |
| ● |
| 相关链接 |
|
|
|
|
正题名:财经专业写作
索取号:H152.3/389
 
预约/预借
| 序号 | 登录号 | 条形码 | 馆藏地/架位号 | 状态 | 备注 |
| 1 | 0397719 | 203977198 | 第二样本阅览室/ [索取号:H152.3/389] | 在馆 | |
| 2 | 0397720 | 203977205 | 密集书库/ [索取号:H152.3/389] | 在馆 | |
| 3 | 0397721 | 203977214 | 密集书库/ [索取号:H152.3/389] | 在馆 | |
| 4 | 0397722 | 203977223 | 密集书库/ [索取号:H152.3/389] | 在馆 | |
| 5 | 0397723 | 203977232 | 密集书库/ [索取号:H152.3/389] | 在馆 |